000 00327 a2200157 4500
001 174938
020 _a
040 _cMagnum
100 _aChiavenato, Julio Jose
240 1 0 _aA guerra do paraguai
_lpor
245 1 0 _aA guerra do paraguai
362 0 _a1899
440 1 _aÁtica
697 _aPARADIDATICO
942 _cBK
999 _c174938
_d174938